• 首页
  • 本馆介绍
  • 公告通知
  • 最新文献
  • 馆藏检索
  • 电子资源
  • 读者导购
  • 参考咨询
  • 我的图书馆
  • 登录
  • 详细信息显示
  • 放入我的书架
  • 预约/预借图书
  • 作者相关作品
  • 分类相关作品
  • 丛书相关作品
  • 出版社相关作品

书目信息

  • 表格格式
  • 工作单格式
  • 卡片格式
题名:
二十世纪初中国政治改革风潮
    
 
作者: 侯宜杰 著
分册:  
出版信息: 沈阳   辽宁人民出版社  2020.1
页数: 467页
开本: 25cm
丛书名:
单 册:
中图分类: K257.506
科图分类:
主题词: 预备立宪--yu bei li xian--研究--中国--清后期--史料
电子资源:
ISBN: 978-7-205-09717-2
000 01037nam0 2200253 450
001 2153145567
005 20211018173724.0
010    @a978-7-205-09717-2@b精装@dCNY98.00
100    @a20200421d2020 em y0chiy50 ea
101 0  @achi
102    @aCN@b210000
105    @ay z 000yy
106    @ar
200 1  @a二十世纪初中国政治改革风潮@Aer shi shi ji chu zhong guo zheng zhi gai ge feng chao@e清末立宪运动史@f侯宜杰著
210    @a沈阳@c辽宁人民出版社@d2020.1
215    @a467页@d25cm
330    @a本书运用大量晚清报纸杂志、档案、手稿,首次系统而真实地展现了清末立宪运动史的全貌,朝野活动场面不断切换,人物情景经常交替,动态地描绘出一幅丰富多彩又错综复杂的历史画卷,为解释清王朝的灭亡奠定了坚实的基础。
333    @a本书适合从事相关学科或者研究人员参考阅读
517 1  @a清末立宪运动史@Aqing mo li xian yun dong shi
606 0  @a预备立宪@Ayu bei li xian@x研究@y中国@z清后期@j史料
690    @aK257.506@v5
701  0 @a侯宜杰@Ahou yi jie@f(1938-)@4著
801  0 @aCN@b百万庄@c20211018
905    @b1311232-35@dK257.506@e62@f4
    
    二十世纪初中国政治改革风潮:清末立宪运动史/侯宜杰著.-沈阳:辽宁人民出版社,2020.1
    467页;25cm
    使用对象:本书适合从事相关学科或者研究人员参考阅读
    
    ISBN 978-7-205-09717-2(精装):CNY98.00
    本书运用大量晚清报纸杂志、档案、手稿,首次系统而真实地展现了清末立宪运动史的全貌,朝野活动场面不断切换,人物情景经常交替,动态地描绘出一幅丰富多彩又错综复杂的历史画卷,为解释清王朝的灭亡奠定了坚实的基础。
●
相关链接 在E读中查询图书 在五车中查询图书 在当当中查询图书 在豆瓣中查询图书


正题名:二十世纪初中国政治改革风潮     索取号:K257.506/62         预约/预借

序号 登录号 条形码 馆藏地/架位号 状态 备注
1 1311232   213112326   第二样本阅览室/ [索取号:K257.506/62] 在馆    
2 1311233   213112335   第二借阅区/ [索取号:K257.506/62] 在馆    
3 1311234   213112344   第二借阅区/ [索取号:K257.506/62] 在馆    
4 1311235   213112353   第二借阅区/ [索取号:K257.506/62] 在馆    
唐山师范学院图书馆 欢迎您!
大连网信软件有限公司© 版权所有